000 00867nam a2200217Ia 4500
999 _c39564
_d39564
001 6163
003 GE_BSU
005 20191218162225.0
008 181216s1976||||g |||||||||||||| ||ge ||
040 _cGE_BSU
041 _ageo
080 _a821.353.1-32 გ-42
100 _aგეწაძე, აკაკი.
_95853
245 _aმოთხრობები /
_cაკაკი გეწაძე ; რედ. ნ. კანდელაკი ; მხატვ. ვ. ხიდეშელი.
264 _aთბილისი :
_bსაბჭ. საქართველო,
_c1976.
300 _a242 გვ. ;
_c20 სმ.
653 _aმოთხრობები
700 _aკანდელაკი, ნ.
_eრედაქტორი
_95858
700 _aხიდეშელი, ვ.
_eმხატვარი
_95859
942 _cBK
_2udc